| 000 | 00782nam a2200229Ia 4500 | ||
|---|---|---|---|
| 003 | GCL | ||
| 008 | 140319s9999 xx 000 0 ara d | ||
| 040 |
_aGCL / _cGCL |
||
| 082 | 0 | 4 |
_a190 _bم م |
| 100 | 1 | _aمحمد نورالدين | |
| 245 | 1 | 0 |
_aالمتخيل والتواصل: مفارقات العرب والغرب / _cمحمد نورالدين |
| 260 |
_a[S.N] : _bدار المنتخب العربى للدراسات والنشر والتوزيع ، _c1993 |
||
| 300 | _a192 ح | ||
| 490 | _a | ||
| 650 | 0 | 4 | _aالحضارة العربية الاسلامية - المعارف البحرية |
| 650 | 0 | 4 | _aالفلسفة |
| 650 | 0 | 4 | _aالعرب |
| 650 | 0 | 4 | _aالغرائز |
| 650 | 0 | 4 | _aالغرب |
| 650 | 0 | 4 | _aالحضارة العراقية |
| 942 |
_2ddc _cBK |
||
| 999 |
_c36392 _d36392 |
||